000 00686nam a22002177a 4500
003 UA-OsUOA
001 131854
007 ta
008 20180621b un ||||| |||| 00| 0 ukr d
090 _a340.12(091)(075.8)
_bИ99
942 _cBK
040 _aUA-OsUOA
_bukr
_cUA-OsUOA
_dUA-OsUOA
245 _aІсторя держави і права зарубіжних країн
300 _a352 с.
955 _a2
041 _aukr
080 _a340.12(091)(075.8)
260 _aК.
_bПравові джерела
_c2000
650 7 _a340 Право в цілому. Пропедевтика. Методи та допоміжні правничі науки
_2UDC
999 _c420252
_d420252